Gaming Quiz

Random Gaming Quiz

Terraria Bosses as of 1.3 Quiz Stats

 Plays Quiz not verified by Sporcle

Score 0/17 Timer 10:00
0 Plays Today
Hint Answer % Correct
AbeeminationQueen Bee
95.2%
Worm FoodEater of Worlds
94.9%
Mechanical EyeThe Twins
94.9%
Lizhard Power CellGolem
94.6%
Clothier Voodoo DollSkeletron
94.2%
Guide Voodoo DollWall of Flesh
94.2%
Slime CrownKing Slime
93.6%
Mechanical WormThe Destroyer
93.3%
________'s BulbPlantera
92.9%
Hint Answer % Correct
Celestial SigilMoon Lord
92.9%
Mechanical SkullSkeletron Prime
92.3%
Truffle WormDuke Fishron
91.3%
Suspicious Looking EyeEye of Cthulhu
89.4%
Bloody SpineBrain of Cthulhu
88.1%
Pumpkin Moon MedallionPumpking
80.1%
Naughty PresentIce Queen
76.9%
Mysterious TabletLunatic Cultist
75.6%

You're not logged in!

Compare scores with friends on all Sporcle quizzes.
OR
Log In

Show Comments

Extras

Created Aug 11, 2015ReportNominate
Tags:message

Top Quizzes Today


Score Distribution

Your Account Isn't Verified!

In order to create a playlist on Sporcle, you need to verify the email address you used during registration. Go to your Sporcle Settings to finish the process.

Report this User

Report this user for behavior that violates our Community Guidelines.

Details: